00847cam a2200229 a 4500001000700000003000400007005001700011008004100028010001700069020004200086040001800128043001200146050002200158082001800180100002500198245016600223260006400389300003700453500004100490650004700531650003900578725864OSt20170206104904.0980505s1998 vtua b 000 0 eng  a 98020538  a1890132136 (acidfree, recycled paper) aDLCcDLCdDLC an-us---00aNC1429.K62A4 199800a741.5/9732211 aKoren, Edward.d199814aThe hard work of simple living :ba somewhat blank book for the sustainable hedonist /cartwork by Edward Koren ; with contributions from the invisible universe. aWhite River Junction, Vt. :bChelsea Green Pub. Co.,c1998. a1 v. (unpaged) :bill. ;c26 cm. aIncludes bibliographical references. 0aQuality of lifexCaricatures and cartoons. 0aAmerican wit and humor, Pictorial.